La Persecució política de la llengua catalana : història de les mesures preses contra el seu ús des de la Nova Planta fins avui / Francesc Ferrer i Gironès història de les mesures preses contra el seu ús des de la Nova Planta fins avui / Francesc Ferrer i Gironès
ISBN:
84-297-2363-3
Descripción Física:
308 p., [28] p. de làm ; 25 cm
Colección:
Cultura catalana contemporània ; 17
MARC
| LEADER | 00000nam a2200000Ia 4500 | ||
|---|---|---|---|
| 001 | 15670 | ||
| 008 | 160829s1985 xx 000 0 cat d | ||
| 020 | |a 84-297-2363-3 | ||
| 080 | |a L-2-34 | ||
| 100 | |a Ferrer i Gironès, Francesc |9 21693 | ||
| 245 | |a La Persecució política de la llengua catalana : |b història de les mesures preses contra el seu ús des de la Nova Planta fins avui / Francesc Ferrer i Gironès | ||
| 260 | |a Barcelona : |b Edicions 62, |c 1985 | ||
| 300 | |a 308 p., [28] p. de làm ; |c 25 cm | ||
| 490 | |a Cultura catalana contemporània ; 17 | ||
| 590 | |a Bibliografia. | ||
| 590 | |a Índexs. | ||
| 590 | |a Notes, referències bibliogràfiques | ||
| 650 | |a Català |x Aspectes polítics |9 21695 | ||
| 650 | |a Català |x Història |9 31995 | ||
| 901 | |a Arxiu | ||
| 942 | |n 1 | ||
| 952 | |0 0 |1 0 |4 0 |6 L234 |7 1 |9 45831 |a Arxiu |b Arxiu |d 2016-12-01 |l 0 |o L-2-34 |p 15670 |r 2016-12-01 00:00:00 |w 2016-12-01 |y ARXIU | ||
| 999 | |c 49331 |d 49331 | ||